Grammaire latine : Introduction linguistique à la langue latine (notice n° 1567118)

détails MARC
000 -LEADER
fixed length control field 01164cam a2200133 4500500
005 - DATE AND TIME OF LATEST TRANSACTION
control field 20251214002552.0
041 ## - LANGUAGE CODE
Language code of text/sound track or separate title fre
042 ## - AUTHENTICATION CODE
Authentication code dc
100 10 - MAIN ENTRY--PERSONAL NAME
Personal name Touratier, Christian
Relator term author
245 00 - TITLE STATEMENT
Title Grammaire latine : Introduction linguistique à la langue latine
260 ## - PUBLICATION, DISTRIBUTION, ETC.
Name of publisher, distributor, etc. Armand Colin,<br/>
Date of publication, distribution, etc. 2008.<br/>
520 ## - SUMMARY, ETC.
Summary, etc. Cette grammaire se veut une grammaire latine complète au sens traditionnel du mot, avec description de l'histoire et du fonctionnement de la langue, en même temps qu'une grammaire latine renouvelée dans tous les domaines où la linguistique moderne a fait progresser les choses : phonologie structurale et générative, morphologie structurale et générative, syntaxe fonctionnelle et analyse en constituants immédiats, etc. Le souci de clarté est prédominant, avec une définition de tous les concepts descriptifs employés et un recours constant à l'exemple. Christian Touratier est professeur émérite de l'université de Provence (Aix-Marseille-I). Il a également enseigné le latin et la linguistique à Paris4-Sorbonne.
856 41 - ELECTRONIC LOCATION AND ACCESS
Uniform Resource Identifier <a href="https://shs.cairn.info/grammaire-latine--9782718199610?lang=fr&redirect-ssocas=7080">https://shs.cairn.info/grammaire-latine--9782718199610?lang=fr&redirect-ssocas=7080</a>

Pas d'exemplaire disponible.

PLUDOC

PLUDOC est la plateforme unique et centralisée de gestion des bibliothèques physiques et numériques de Guinée administré par le CEDUST. Elle est la plus grande base de données de ressources documentaires pour les Étudiants, Enseignants chercheurs et Chercheurs de Guinée.

Adresse

627 919 101/664 919 101

25 boulevard du commerce
Kaloum, Conakry, Guinée

Réseaux sociaux

Powered by Netsen Group @ 2025